Principles of Micro- Econom ics (Record no. 5663)
[ view plain ]
| 005 - DATE AND TIME OF LATEST TRANSACTION | |
|---|---|
| control field | 20250627135251.0 |
| 020 ## - INTERNATIONAL STANDARD BOOK NUMBER | |
| International Standard Book Number | 978-0-07-319398-4 |
| 082 ## - DEWEY DECIMAL CLASSIFICATION NUMBER | |
| Classification number | 338.5 FRA |
| 100 ## - MAIN ENTRY--PERSONAL NAME | |
| Author name | FRANK, H . R |
| 245 ## - TITLE STATEMENT | |
| Title | Principles of Micro- Econom ics |
| 250 ## - EDITION STATEMENT | |
| Edition statement | 3rd Ed. |
| 260 ## - PUBLICATION, DISTRIBUTION, ETC. | |
| Place of publication, distribution, etc. | Boston |
| Name of publisher, distributor, etc. | McGraw-Hill Irwin |
| Date of publication, distribution, etc. | 2007. |
| 300 ## - PHYSICAL DESCRIPTION | |
| Extent | xxxi, 468p.: ill.; figures, tables |
| Other physical details | Index |
| Dimensions | 27cm |
| 700 ## - ADDED ENTRY--PERSONAL NAME | |
| Other authors/Editors | Ben S. Bernanke |
| 942 ## - ADDED ENTRY ELEMENTS (KOHA) | |
| Source of classification or shelving scheme | Dewey Decimal Classification |
| Koha item type | Books |
| Date last seen | Total checkouts | Full call number | Barcode | Price effective from | Koha item type | Lost status | Source of classification or shelving scheme | Damaged status | Not for loan | Withdrawn status | Home library | Current library | Shelving location | Date acquired | Source of acquisition |
|---|---|---|---|---|---|---|---|---|---|---|---|---|---|---|---|
| 06/27/2025 | 338.5 FRA | MZA0002512 | 06/27/2025 | Books | Dewey Decimal Classification | CBE Mwanza | CBE Mwanza | General Collection | 06/17/2015 | Library Budget | |||||
| 06/27/2025 | 338.5 FRA | MZA0002513 | 06/27/2025 | Books | Dewey Decimal Classification | CBE Mwanza | CBE Mwanza | General Collection | 06/17/2015 | Library Budget | |||||
| 06/27/2025 | 338.5 FRA | MZA0002514 | 06/27/2025 | Books | Dewey Decimal Classification | CBE Mwanza | CBE Mwanza | General Collection | 06/17/2015 | Library Budget | |||||
| 06/27/2025 | 338.5 FRA | MZA0002515 | 06/27/2025 | Books | Dewey Decimal Classification | CBE Mwanza | CBE Mwanza | General Collection | 06/17/2015 | Library Budget | |||||
| 06/27/2025 | 338.5 FRA | MZA0002516 | 06/27/2025 | Books | Dewey Decimal Classification | CBE Mwanza | CBE Mwanza | General Collection | 06/17/2015 | Library Budget | |||||
| 06/27/2025 | 338.5 FRA | MZA0002517 | 06/27/2025 | Books | Dewey Decimal Classification | CBE Mwanza | CBE Mwanza | General Collection | 06/17/2015 | Library Budget | |||||
| 06/27/2025 | 338.5 FRA | MZA0002518 | 06/27/2025 | Books | Dewey Decimal Classification | CBE Mwanza | CBE Mwanza | General Collection | 06/17/2015 | Library Budget | |||||
| 06/27/2025 | 338.5 FRA | MZA0002519 | 06/27/2025 | Books | Dewey Decimal Classification | CBE Mwanza | CBE Mwanza | General Collection | 06/17/2015 | Library Budget | |||||
| 06/27/2025 | 338.5 FRA | MZA0002520 | 06/27/2025 | Books | Dewey Decimal Classification | CBE Mwanza | CBE Mwanza | General Collection | 06/17/2015 | Library Budget |
